000 01139nam a22003137a 4500
008 130821s2001 xxua gr eng
020 _a0781730295
040 _aCo-BoUCM
_bspa
041 0 0 _aeng
060 1 0 _aWI 17
_25
100 1 _aRifkin, Matthew D.
245 1 0 _aPocket atlas of normal ultrasound anatomy
_cMatthew D. Rifkin, Mani Montazemi, Robert Villani
250 _a2a. ed.
260 _aFiladelfia (Pensilvania, Estados Unidos)
_bLippincott Williams & Wilkins
_cc2001
300 _a80 páginas
_bilustraciones
650 0 4 _aAbdomen
_xAnatomía
_vAtlas
_98247
650 0 4 _aAbdomen
_xHistología
_vAtlas
_98247
650 0 4 _aAnatomía humana
_vAtlas
_97271
650 0 4 _aCuello
_xAnatomía
_vAtlas
_912239
650 0 4 _aCuello
_xHistología
_vAtlas
_912239
650 0 4 _aEcografía
_vAtlas
_913628
650 0 4 _aGenitales masculinos
_xAnatomía
_vAtlas
_916324
650 0 4 _aImagen ultrasónica
_vAtlas
_917179
650 0 4 _aPelvis
_xAnatomía
_vAtlas
_921244
650 0 4 _aPelvis
_xHistología
_vAtlas
_921244
700 1 _aMontazemi, Mani.
700 1 _aVillani, Robert
_cmd.
942 _cLIBRO
_a15
_e2
_mR564P
_2NLM
_hWI 17
_n0
999 _c90293
_d90293